000 00472nam a2200169Ia 4500
999 _c6149
_d6149
003 OSt
005 20200122125614.0
008 190216s9999||||xx |||||||||||||| ||und||
020 _a8177222279
040 _coclc
082 _a005.74
_bJAI/D
100 _aJain, V K
_91322
245 0 _aDatabase Management Systems /
_cV K Jain
260 _bDream Tech Press,
_c2002.
_aNew Delhi:
300 _a448p
942 _cBK
_2ddc
_h005.74
_iJAI/D
_k005.74
_mJAI/D